|
|
|
|
| LEADER |
00000naa2a2200000 4500 |
| 001 |
458212 |
| 005 |
20240914063140.0 |
| 035 |
|
|
|a (RuTPU)RU\TPU\prd\121855
|
| 090 |
|
|
|a 458212
|
| 100 |
|
|
|a 20111003a2009 k y0rusy50 ca
|
| 101 |
0 |
|
|a rus
|
| 102 |
|
|
|a RU
|
| 200 |
1 |
|
|a Исследовательские университеты в России: пути становления и развития
|d Research universities in Russia: Pathways of formation and development
|f П. С. Чубик [и др.]
|
| 320 |
|
|
|a Библиогр.: с. 30 (12 назв.)
|
| 330 |
|
|
|a Анализируется мировой опыт создания и развития исследовательских университетов, их критерии и роль в системах высшего образования США и Европы. Рассматривается опыт категорирования вузов в России, основные задачи, характеристики и критерии будущих национальных исследовательских университетов. Приводятся уже используемые университетами г. Томска концепции их развития как вузов инновационного (ТПУ) и исследовательского (ТГУ) типов. Обсуждаются возможные пути создания национальных исследовательских университетов в России, в том числе идея формирования консорциумов ведущих вузов, которая успешно реализуется за рубежом
|
| 461 |
|
0 |
|0 (RuTPU)RU\TPU\prd\26176
|x 1999-6640
|t Университетское управление: практика и анализ
|o научно-теоретический журнал
|d 2004-
|
| 463 |
|
0 |
|0 (RuTPU)RU\TPU\prd\66503
|t № 1
|v С. 22-30
|d 2009
|
| 610 |
1 |
|
|a труды учёных ТПУ
|
| 701 |
|
1 |
|a Чубик
|b П. С.
|c геолог
|c профессор, ректор Томского политехнического университета (с 2008 г.)
|f 1954-
|g Петр Савельевич
|3 (RuTPU)RU\TPU\pers\24546
|4 070
|9 10846
|
| 701 |
|
1 |
|a Чучалин
|b А. И.
|c профессор Томского политехнического университета, доктор технических наук
|c проректор по образовательной и международной деятельности
|f 1952-
|g Александр Иванович
|3 (RuTPU)RU\TPU\pers\22021
|4 070
|9 9318
|
| 701 |
|
1 |
|a Похолков
|b Ю. П.
|c специалист в области электротехники, доктор технических наук
|c ректор Томского политехнического университета (1990-2008), профессор
|f 1939-
|g Юрий Петрович
|x TPU
|y Томск
|3 (RuTPU)RU\TPU\pers\10508
|4 070
|9 2235
|
| 701 |
|
1 |
|a Агранович
|b Б. Л.
|c специалист в области радиотехники
|c профессор Томского политехнического университета, кандидат технических наук
|f 1938-2014
|g Борис Львович
|3 (RuTPU)RU\TPU\pers\22706
|4 070
|9 9739
|
| 801 |
|
1 |
|a RU
|b 63413507
|c 20111003
|
| 801 |
|
2 |
|a RU
|b 63413507
|c 20140707
|g RCR
|
| 942 |
|
|
|c BK
|